000 00618nam a2200217Ia 4500
003 OSt
005 20240912151842.0
006 a|||||r|||| 00| 0
008 220927b |||||||| |||| 00| 0 hin d
024 _a123008
037 _cTextual
040 _aSDCL
_cSDCL
_bhin
041 _2hin
_ahin
082 _aO152,1N17:g L2;2
100 _aGautam, Laxmandutt Ed.
_9412175
245 0 _aGajanan Madhav muktiboddh :
260 _aDelhi :
_bVidhyarthi Parkashan,
_c1972.
300 _a307p.
_ccm.
942 _hO152,1N17:g L2;2
_cREF
_2CC
999 _c727901
_d727901